Kamus Dewan

Bibliographic Details
Format: Book
Published: Kuala Lumpur : Dewan Bahasa dan Pustaka , 2002
Edition:Edisi Ketiga
Subjects:

MARC

LEADER 00000cam a2200000 7i4500
001 0000047583
005 20150520.0
008 150520
020 |a 9789836244567 
020 |a 9836244565 
090 0 0 |a 499.233   |b KAM 
245 0 0 |a Kamus Dewan 
250 |a Edisi Ketiga 
260 |a Kuala Lumpur :   |b Dewan Bahasa dan Pustaka ,   |c 2002 
650 0 |a Dictionary   |x Malay   |x Languages 
999 |a 0000892346   |b Book   |c REFERENCE   |e Cawangan Segamat 
999 |a 0000892347   |b Book   |c REFERENCE   |e Cawangan Tangkak 
999 |a 0000892348   |b Book   |c REFERENCE   |e Cawangan Tmn. Ungku Tun Aminah 
999 |a 0000893297   |b Book   |c Adult Collection   |e Cawangan Segamat 
999 |a 0000893298   |b Book   |c Adult Collection   |e Cawangan Segamat